| 000 | 00920nas a2200313 4500 | ||
|---|---|---|---|
| 001 | BR0100047 | ||
| 003 | BR-BrBNA | ||
| 005 | 20231205102012.0 | ||
| 007 | ta | ||
| 008 | 230509b bl.|||p| |||| 00| 00por d | ||
| 040 |
_aBR-BrBNA _bpor _cBiblioteca Nacional de Agricultura |
||
| 041 | _a(Pt) | ||
| 072 | _aH20; F30 | ||
| 100 | 1 | _aCastro, M.E.A. | |
| 100 | 1 | _aZambolim, L. | |
| 100 | 1 | _aChaves, G.M. | |
| 100 | 1 | _aCruz, C.D. | |
| 100 | 1 | _aMatsuoka, K. | |
| 245 | 1 | _aVariabilidade patogenica de Alternaria solani, agente causal da pinta-preta do tomateiro | |
| 650 | _aTomate | ||
| 650 | _aPinta Preta | ||
| 650 | _aPropriedade Mecanica | ||
| 650 | _aFungo | ||
| 650 | _aPatogenicidade | ||
| 650 | _aVariedade Resistente | ||
| 773 | 0 |
_tSumma Phytopathologica (Brazil) _xISSN 0100-5405 _g(Jan-Mar 2000), v. 26(1) p. 24-28 _wBR0100047 |
|
| 909 |
_a202311 _bLúcia _c55 _dLúcia Elande |
||
| 942 |
_2AGRIS _n0 _cANA |
||
| 999 |
_c165196 _d165196 |
||